00769nam a2200241 i 450000500170000000800410001702000150005804000350007310000330010824500330014125000220017426400300019630000480022633600270027433700330030133800280033465000450036265000490040770000300045694200150048608400110050199900150051220220316235952.0141031s1988 sp a gr 000 f spa d a8486587344 aCO-BoRNBPbspacCO-BoRNBPerda1 aFelipe, Nersysd1936-eautor10aRomán ElécFelipe Nersys aSegunda edición aMadridbDe la Torrec1988 a124 páginasbilustraciones a colorc20 cm atextobtxt2rdacontent asin mediaciónbn2rdamedia avolumenbnc2rdacarrier17aNovela infantil cubanaySiglo XX2ARMARC17aLiteratura infantil cubanaySiglo XX2ARMARC1 aFernández, Raúl98422 2loccBKLIT aN FEL2 c2778d2778